000 00968nam a22002537i 4500
003 DO-SdBNP
005 20250312094419.0
007 ta
008 250310b2018 dr ab||| |||| 00| 0 spa d
040 _aDO-SdBNP
_bspa
_cBNPHU
_erda
041 _aspa
082 4 _a0
_bR426p
_222
110 1 _aRepública Dominicana.
_bMinisterio de Medio Ambiente y Recursos Naturales
_966969
245 1 0 _aPlan nacional de lucha contra la desertificación y los efectos de las sequías :
_bPAN-LCD 2018-2030 /
_cprólogo, Ángel Estévez.
264 _aSanto Domingo :
_bMinisterio de Medio Ambiente y Recursos Naturales [autor,
_c2018.
300 _a200 páginas :
_bilustraciones, mapas ;
_c28 cm.
336 _atexto
_btxt
_2rdacontent
337 _asin mediación
_bn
_2rdamedia
338 _avolumen
_bnc
_2rdacarrier
504 _aBibliografía: p. 188-200
590 _aInventariado, 2025 /LP
700 1 _aEstévez, Ángel,
_eprologuista
_4pr.
_987154
942 _2ddc
_cLBS1
999 _c58365
_d58365